00742 2200253 4500001002100000005001700021008004100038020002200079035002400101040001200125041001300137082001400150084001400164100002000178245006200198250001600260260004200276300003300318500005100351650003700402700001900439850001200458990001800470INLIS00000000003486620180402104400.0 ind  a978-979-686-451-5 0010-041800000000045 aYOPDYOG0 aindgeng042[23]a423 a423 Ech K1 aECHOLS, John M.0 aKamus Inggris-Indonesia /cJohn M. Echols, Hassan Shadily aCetakan XXX aJakartabGramedia Pustaka Utamac2008 axviii, 660 halaman ;c23 cm. aTeks dalam bahasa Indonesia dan bahasa Inggris 4aBahasa InggrisvKamusxIndonesia0 aHASSAN SHADILY aYOPDYOG a58839-PD/A.18